| 000 | 00000nam##2200000za#4500 |
| 001 | 9.594355 |
| 003 | CaOODSP |
| 005 | 20210624202349 |
| 007 | cr ||||||||||| |
| 008 | 150406|2009||||xxc|||||o f|0| 0 fre|d |
| 020 | |a978-0-662-73584-7 |
| 040 | |aCaOODSP|bfre |
| 043 | |an-cn--- |
| 086 | 1 |aH13-7/31-2007F-PDF |
| 110 | 1 |aCanada. |bSanté Canada. |
| 245 | 10|aÉtiquetage des ingrédients des cosmétiques |h[ressource électronique] |
| 250 | |amise à jour |
| 260 | |aOttawa - Ontario : |bSanté Canada |cOctobre 2009. |
| 300 | |a2p. |
| 490 | 1 |aVotre santé et vous |
| 500 | |a"Original: novembre 2004" |
| 590 | |a12-23-Supp|b2012-05-28 |
| 691 | 07|aÉtiquetage|2gcpds |
| 691 | 07|aProduit de soins personnels|2gcpds |
| 775 | 08|tLabelling the ingredients in cosmetics |w(CaOODSP)9.561799 |
| 830 | #0|aVotre santé et vous.|w(CaOODSP)9.501443 |
| 856 | 40|ahttp://publications.gc.ca|qPDF|s55 Ko|uhttps://publications.gc.ca/collections/collection_2012/sc-hc/H13-7-31-2007-fra.pdf |